000 00577nam a22002057a 4500
003 0
005 20251111121300.0
008 251111b xxu||||| |||| 00| 0 eng d
020 _a0-552-99883-4
050 _aPR 6058.A667
_b.H37 2002
100 _aHarris, Joanne,
_eauthor.
245 _aFive quarters of the orange /
_cJoanne Harris.
260 _aLondon :
_bBlack Swan Books,
_c2002.
300 _a362 pages ;
_c20 cm.
650 _aMystery fiction.
650 _aFamily secrets
_xFiction.
650 _aMemory
_xFiction.
650 _aFrance
_xFiction.
942 _2lcc
_cBK
999 _c368575
_d368575